000 00438nam a2200181Ia 4500
001 3594
005 20260306145654.0
008 260306t2013||||xx |||||||||||||| ||spa||
041 _aESP
082 _a293.2
_bD98 2013
100 _aDurkheim, Emile
_eAUT
245 0 _aLas formas elementales de la vida religiosa
260 _c2013
300 _a672 páginas :
_c18 cm.
650 _aGEN
654 _aCHU
942 _cLIB
_dJUS
_fJUS
_2ddc
_n
999 _c3594
_d3594